Автоматизация расчёта на прочность аппаратов колонного типа; Химия и химическая технология в XXI веке

التفاصيل البيبلوغرافية
Parent link:Химия и химическая технология в XXI веке.— 2005.— С. 218-220
المؤلف الرئيسي: Величенко А. С.
مؤلفون آخرون: Беляев В. М. (научный руководитель)
اللغة:الروسية
منشور في: 2005
الموضوعات:
التنسيق: MixedMaterials فصل الكتاب
KOHA link:https://koha.lib.tpu.ru/cgi-bin/koha/opac-detail.pl?biblionumber=140148

MARC

LEADER 00000naa2a2200000 4500
001 140148
005 20231031141955.0
035 |a (RuTPU)RU\TPU\book\151819 
090 |a 140148 
100 |a 20080620d2005 k y0rusy50 ca 
101 0 |a rus 
102 |a RU 
200 1 |a Автоматизация расчёта на прочность аппаратов колонного типа  |f А. С. Величенко  |g науч. рук. В. М. Беляев 
320 |a Библиогр.: 7 назв. 
463 0 |0 (RuTPU)RU\TPU\book\118373  |t Химия и химическая технология в XXI веке  |o материалы VI Всероссийской студенческой научно-практической конференции, 11-12 мая 2005 г., Томск  |f Томский политехнический университет; под ред. А. А. Бакибаева  |v С. 218-220  |d 2005  |p 352 с. 
610 1 |a аппараты колонного типа 
610 1 |a прочность 
610 1 |a расчёт 
610 1 |a автоматизация 
610 1 |a колонные аппараты 
610 1 |a программы 
610 1 |a вычислительные системы 
610 1 |a MathCAD 
610 1 |a труды учёных ТПУ 
700 1 |a Величенко  |b А. С. 
702 1 |a Беляев  |b В. М.  |4 727 
801 1 |a RU  |b 63413507  |c 20080620  |g PSBO 
801 2 |a RU  |b 63413507  |c 20111220  |g RCR 
942 |c BK